MARC details
| 000 -CABECERA |
| campo de control de longitud fija |
02730nam a2200337 a 4500 |
| 001 - NÚMERO DE CONTROL |
| campo de control |
BRCA_2522 |
| 005 - FECHA Y HORA DE LA ÚLTIMA TRANSACCIÓN |
| campo de control |
20190320203841.0 |
| 008 - DATOS DE LONGITUD FIJA--INFORMACIÓN GENERAL |
| campo de control de longitud fija |
251108s1862----sp-a---###---#000-0dspa-u |
| 041 ## - CÓDIGO DE LENGUA |
| Código de lengua del texto/banda sonora o título independiente |
spa |
| 044 ## - CÓDIGO DEL PAÍS DE LA ENTIDAD EDITORA/PRODUCTORA |
| Código MARC del país |
sp |
| 084 ## - OTRO NÚMERO DE CLASIFICACIÓN |
| Número de clasificación |
151 |
| Número de documento/Ítem |
.N33 |
| -- |
1862 |
| 100 1# - ENTRADA PRINCIPAL--NOMBRE DE PERSONA |
| Nombre de persona |
Cervantes Saavedra, Miguel de |
| Fechas asociadas al nombre |
1547-1616 |
| 9 (RLIN) |
213 |
| 245 10 - MENCIÓN DE TÍTULO |
| Título |
El Ingenioso Hidalgo Don Quijote de la Mancha |
| Mención de responsabilidad, etc. |
compuesto por Miguel de Cervantes Saavedra. |
| 260 ## - PUBLICACIÓN, DISTRIBUCIÓN, ETC. |
| Lugar de publicación, distribución, etc. |
Madrid |
| Nombre del editor, distribuidor, etc. |
Imprenta Nacional : José Gil Dorregaray |
| Fecha de publicación, distribución, etc. |
1862 |
| 300 ## - DESCRIPCIÓN FÍSICA |
| Extensión |
3 v. |
| Otras características físicas |
il. |
| Dimensiones |
37 cm. |
| 500 ## - NOTA GENERAL |
| Nota general |
Contenido : v 1. Primera parte. Preámbulo de Jerónimo M. y Gil Dorregaray. Prólogo del autor. Versos preliminares. Texto. -- v 2. Segunda parte. Dedicatoria del autor. Prólogo del autor. Texto. -- v 3. El juicio crítico del Quijote por V. de los Ríos. Laq vida de Cervantes recopilada por Jerónimo M. con nuevos documentos. Catálogo de las ediciones notables de la novela |
| 500 ## - NOTA GENERAL |
| Nota general |
Edición : Nueva edición adornada con láminas en cobre, cuyas planchas son propiedad de la Real Academia Española |
| 500 ## - NOTA GENERAL |
| Nota general |
Lujosa edición monumental, esmeradamente impresa, con tipos bellos y de buen cuerpo, sobre magnífico papel avitelado, y adornada con láminas de las mismas planchas que sirvieron para las de la primera edición de la Academia, impresa en 1780. Además del juicio crítico del Quijote, de V. de los Ríos, erudito trabajo de Jerónimo Durán acerca de la vida de Cervantes, contiene un catálogo de las ediciones más notables del Quijote. El biógrafo J. Durán tiene el mérito de haber publicado, por vez primera, la Real provisión de 1569, mediante la cual se condenaba a Cervantes a que le fuese cortada la mano derecha y que fuese desterrado de españa durante diez años, por haber herido en defensa de doncella, al andante en Corte, don Antonio Segura, dentro de recinto regio. Para que el lector pueda darse cuenta de la gran belleza tipográfica de esta edición, baste decir que en 1210 páginas que contienen los tres volúmenes, no se encuentra un solo guión de división de palabras al final de sus lineas Lúdovik Osterc |
| 500 ## - NOTA GENERAL |
| Nota general |
QM136 |
| 650 14 - PUNTO DE ACCESO ADICIONAL DE MATERIA--TÉRMINO DE MATERIA |
| Término de materia o nombre geográfico como elemento de entrada |
Novela española |
| Subdivisión cronológica |
Época clásica, 1500-1700 |
| 9 (RLIN) |
215 |
| 650 14 - PUNTO DE ACCESO ADICIONAL DE MATERIA--TÉRMINO DE MATERIA |
| Término de materia o nombre geográfico como elemento de entrada |
Literatura española |
| Subdivisión cronológica |
Época clásica, 1500-1700 |
| 9 (RLIN) |
216 |
| 650 14 - PUNTO DE ACCESO ADICIONAL DE MATERIA--TÉRMINO DE MATERIA |
| Término de materia o nombre geográfico como elemento de entrada |
Novela española |
| Subdivisión cronológica |
Siglo XVII |
| 9 (RLIN) |
217 |
| 650 14 - PUNTO DE ACCESO ADICIONAL DE MATERIA--TÉRMINO DE MATERIA |
| Término de materia o nombre geográfico como elemento de entrada |
Don Quijote (Personaje ficticio) |
| Término indicativo de función/relación |
Novela |
| 9 (RLIN) |
218 |
| 700 1# - PUNTO DE ACCESO ADICIONAL--NOMBRE DE PERSONA |
| Nombre de persona |
Ríos, Vicente de los |
| Fechas asociadas al nombre |
1732-1779 |
| Término indicativo de función/relación |
Biógrafo |
| 9 (RLIN) |
7247 |
| 700 1# - PUNTO DE ACCESO ADICIONAL--NOMBRE DE PERSONA |
| Nombre de persona |
Carnicero Mancio, Antonio |
| Fechas asociadas al nombre |
1748-1814 |
| Término indicativo de función/relación |
Ilustrador |
| 9 (RLIN) |
7248 |
| 700 1# - PUNTO DE ACCESO ADICIONAL--NOMBRE DE PERSONA |
| Nombre de persona |
Castillo, José del |
| Fechas asociadas al nombre |
1737-1793 |
| Término indicativo de función/relación |
Ilustrador |
| 9 (RLIN) |
7249 |
| 700 1# - PUNTO DE ACCESO ADICIONAL--NOMBRE DE PERSONA |
| Nombre de persona |
Jimeno, José Antonio |
| Fechas asociadas al nombre |
1757-1807 |
| Término indicativo de función/relación |
Ilustrador |
| 9 (RLIN) |
7250 |
| 740 0# - PUNTO DE ACCESO ADICIONAL--TÍTULO RELACIONADO O ANALÍTICO NO CONTROLADO |
| Título relacionado o analítico no controlado |
El Ingenioso Hidalgo Don Quijote de la Mancha |
| 902 ## - CATALOGADOR |
| Iniciales |
QFM |
| 942 ## - ELEMENTOS DE PUNTO DE ACCESO ADICIONAL (KOHA) |
| Fuente del sistema de clasificación o colocación |
Library of Congress Classification |
| Tipo de ítem Koha |
Libros |